| 000 | 00410nam a2200157Ia 4500 | ||
|---|---|---|---|
| 003 | LK-CoDNM | ||
| 008 | 010623t1926 xxu||||| |||| 00| 1 eng d | ||
| 040 |
_aLK-CoDNM _dLK-CoDNM _eLK-CoDNM |
||
| 041 | _aeng | ||
| 080 |
_a50 _bC18 |
||
| 100 | _aDe Silva,Lionel | ||
| 245 | _aThe journal of the Ceylon branch of the British Medical Association | ||
| 260 |
_b? _c1926 |
||
| 300 | _b65P,1ill., 23 cm | ||
| 942 | _cBK | ||
| 999 |
_c93355 _d93355 |
||